| 000 | 01287nam1a22002771 4500 | ||
|---|---|---|---|
| 001 | rc\3374627 | ||
| 005 | 20130115153455.6 | ||
| 035 | _a(NLR Aleph) 007449146 | ||
| 090 |
_a7197482 _c7197482 |
||
| 100 | _a20130115d1976 |||y0rusy50 ca | ||
| 101 | 0 | _arus | |
| 102 | _aRU | ||
| 105 | _ay j ||||| | ||
| 200 | 1 |
_aАктуальные проблемы истории и политики КПСС _eЛекции _f[Под общ. ред. к. ист. н., доц. полк. Л.Я. Тушенцова] _gВоен.-воздуш. акад. им. Ю.А. Гагарина. Ч. 2 |
|
| 210 |
_aМонино _cБ. и. _d1976 |
||
| 215 | _d22 | ||
| 300 | _aНа обороте тит. л.: разраб. кандидаты ист. наук, доценты полк. А.Ф. Буняев, ген.-майор авиации А.Д. Зайцев, полк. А.И. Зозуля [и др.] | ||
| 532 | 1 | 2 | _aАктуальные проблемы истории и политики Коммунистической партии Советского Союза |
| 702 | 1 |
_aБуняев _bА. Ф. _4570 |
|
| 702 | 1 |
_aТушенцова _bЛ. Я. _4340 |
|
| 702 | 1 |
_aЗайцев _bА. Д. _4570 |
|
| 801 | 0 |
_aRU _bNLR _gpsbo |
|
| 801 | 1 |
_aRU _bELAR _2rusmarc |
|
| 852 |
_aNLR _j76-5/2652 |
||
| 942 | _cBOOK | ||
| 980 | _aNB | ||